La guía definitiva para reclutar en tiempos buenos y malos (Registro nro. 10928)

Detalles MARC
000 -LEADER
fixed length control field 00451 a2200133 4500
001 - CONTROL NUMBER
control field ART_14869
005 - DATE AND TIME OF LATEST TRANSACTION
control field 20260410161614.0
008 - FIXED-LENGTH DATA ELEMENTS--GENERAL INFORMATION
fixed length control field 260409a
100 1# - MAIN ENTRY--PERSONAL NAME
Personal name Groysberg, Boris
245 10 - TITLE STATEMENT
Title La guía definitiva para reclutar en tiempos buenos y malos
700 1# - ADDED ENTRY--PERSONAL NAME
Personal name Fernández-Aráoz, Claudio
700 1# - ADDED ENTRY--PERSONAL NAME
Personal name Nohria, NItin
773 0# - HOST ITEM ENTRY
Title Harvard Business Review
Related parts Lo que sólo el CEO puede hacer - Vol. 87, Nº 5 (may. 2009)
Record control number REV340

No hay ítems disponibles.